| 000 | 01320nam a22002897a 4500 | ||
|---|---|---|---|
| 005 | 20080929101452.0 | ||
| 008 | 080929t xxu||||| |||| 00| 0chin d | ||
| 010 | _aHIN-92095 | ||
| 020 |
_a9789381067055 _c550.00 |
||
| 035 | _aHN-64441 | ||
| 037 | _bDBAD / PUB | ||
| 040 |
_aDPL _bHN |
||
| 082 | _a320.01 | ||
| 100 |
_926640 _aवैश्य, हरीश कुमार |
||
| 245 |
_aराजनीतिक सिद्धात और विचार / _bहरीश कुमार वैश्य |
||
| 246 |
_aRajnitik Sidhant aur vichar _bby Harish kumar Veishya |
||
| 260 |
_aदिल्ली _bआर्या पब्लिकेशन्स _c2010 |
||
| 270 |
_aA-20,गली न.4, हरदेव पुरी 100 फुटा रोड़, पंजाब नैशनल बैंक के सामने, _bदिल्ली _e110093 _k011-22813582, 9013676475 _maarypub@yahoo.in |
||
| 300 |
_a291पृ. _c23सेमी (सजिल्द) |
||
| 650 | _9697 | ||
| 650 | _926674 | ||
| 650 | _9698 | ||
| 700 | _926643 | ||
| 710 | _926662 | ||
| 942 |
_2ddc _cHN _h320.01 _mवैश्यह |
||
| 999 |
_c51174 _d51174 |
||